000 00745nam a2200253 i 4500
001 000041328
003 DO-SdBNP
005 20230503114039.0
007 ta
008 130930s2005 sp 000 0 spa d
020 _a8400083628
040 _aDO-SdBNP
_bspa
_cBNPHU
_erda
082 4 _222
100 1 _aFelipe V.
_967959
245 1 0 _aDon Quijote. /
_cFelipe V. ; edición José Fradejas Lebrero.
264 _aMadrid :
_bCSIC,
_c2005.
300 _avolumen ;
_c24 cm.
336 _2rdacontent
_atexto
_btxt
337 _2rdamedia
_asin mediación
_bn
338 _2rdacarrier
_avolumen
_bnc
700 1 _aFradejas Lebrero, José,
_eedicción
_967960
710 2 _aConsejo Superior de Investigaciones Científicas
_94786
942 _2ddc
_cLBS1
999 _c40818
_d40818